| 000 | nam a22 7a 4500 | ||
|---|---|---|---|
| 999 |
_c129660 _d129660 |
||
| 008 | 190528b xxu||||| |||| 00| 0 eng d | ||
| 050 | _aPR3588.S7 | ||
| 100 |
_aStein, Arnold (ed.) _946546 |
||
| 245 |
_aOn Milton's poetry: _ba selection of modern studies _c/ edited by Arnold Stein |
||
| 260 |
_aGreenwich: _bFawcett Publications, _c1970. |
||
| 300 |
_axii, 273p. ; _c18cm. |
||
| 440 |
_aLiterature and ideas series _946547 |
||
| 600 |
_aMilton, John _xCriticism _946531 |
||
| 942 |
_2lcc _cMONOGRAPH |
||